Oi que maten els cavalls? / (Record no. 188909)
[ view plain ]
| 000 -LEADER | |
|---|---|
| campo de control de longitud fija | 00636nam a2200193 i 4500 |
| 001 - NÚMERO DE CONTROL | |
| campo de control | 188909 |
| 003 - IDENTIFICADOR DE NÚMERO DE CONTROL | |
| campo de control | ES-MaACL |
| 005 - FECHA Y HORA DE LA ÚLTIMA TRANSACCIÓN | |
| campo de control | 20251015063158.0 |
| 008 - DATOS DE LONGITUD FIJA--INFORMACIÓN GENERAL | |
| campo de control de longitud fija | 190226s1967 sp |||| | cat d |
| 100 1# - ENTRADA PRINCIPAL--NOMBRE DE PERSONA | |
| Nombre de persona | McCoy, Horace, |
| Fechas asociadas al nombre | 1897-1955 |
| 9 (RLIN) | 166462 |
| 245 10 - MENCIÓN DEL TÍTULO | |
| Título | Oi que maten els cavalls? / |
| Mención de responsabilidad, etc. | Horace McCoy ; [traducció de Marta Martin]. |
| 260 ## - PUBLICACIÓN, DISTRIBUCIÓN, ETC. | |
| Lugar de publicación, distribución, etc. | Barcelona : |
| Nombre del editor, distribuidor, etc. | Ediciones 62, |
| Fecha de publicación, distribución, etc. | [1967] |
| 300 ## - DESCRIPCIÓN FÍSICA | |
| Extensión | 94 p. ; |
| Dimensiones | 18 cm. |
| 490 1# - MENCIÓN DE SERIE | |
| Mención de serie | Col·lecció "La Cua de Palla" ; |
| Designación de volumen o secuencia | 57 |
| 700 1# - ENTRADA AGREGADA--NOMBRE PERSONAL | |
| Nombre de persona | Martín, Marta. |
| 9 (RLIN) | 166463 |
| 830 0# - PUNTO DE ACCESO ADICIONAL DE SERIE-TÍTULO UNIFORME | |
| Título uniforme | Col·lecció "La Cua de Palla" ; |
| Designación de volumen o secuencia | 57 |
| 9 (RLIN) | 193174 |
| 856 ## - LOCALIZACIÓN Y ACCESO ELECTRÓNICOS | |
| Nombre del host | BA |
| Bits por segundo | P-507-Bis-31 |
| Estatus retirado | Estado de pérdida | Estado de daño | No para préstamo | Biblioteca de origen | Biblioteca actual | Ubicación en estantería | Fecha de adquisición | Fuente de adquisición | Total de préstamos | Signatura topográfica completa | Código de barras | Visto por última vez | Precio de reemplazo | Tipo de ítem Koha |
|---|---|---|---|---|---|---|---|---|---|---|---|---|---|---|
| Biblioteca del Ateneo de Madrid | Biblioteca del Ateneo de Madrid | Depósito 2 | 26/02/2019 | P-507-Bis-31 | 1200058 | 23/02/2023 | 23/02/2023 | Libro impreso |
